000 02941nam0a2200421 4500
001 RU\NLR\bibl\352336
005 20260407060917.0
010 _a5-93578-015-1
_bВ пер.
_9500
021 _aRU
_b2002-49418
_92391
035 _a(NLR Aleph) 000347041
090 _a252324
_c252324
100 _a20021218d2002 |||y0rusy50 ca
101 0 _arus
_deng
_erus
_eeng
102 _aRU
105 _aabc |||||||||
200 1 _aПроблемы и перспективы применения современных геофизических технологий для повышения эффективности решения задач геологоразведки и разработки месторождений полезных ископаемых
_dProblems and perspectives of modern geophysical technologies applications for improving the efficiency of solving the problems of geological prospecting and mineral fields' development
_eМатериалы междунар. науч.-практ. конф., Октябрьский, 25-27 июня 2001 г.
_f[Редкол.: К.В. Антонов (гл. ред.) и др.]
210 _aУфа
_cТау
_d2002
215 _a607 с.
_cил., портр., карт.
_d22
300 _aВ надзаг.: Упр. по геологии и использованию недр при Каб. Министров Респ. Башкортостан. Башк. междисциплинар. отд-ние Рос. акад. естеств. наук, Открытое АО "Науч.-исслед. и проект.-конструкт. ин-т геофиз. исслед. геол.-разведоч. скважин"
300 _aНа авантит.: Посвящ. 45-летию ОАО НПП ВНИИГИС
320 _aУказ. авт.: с. 597-599
320 _aБиблиогр. в конце докл.
510 0 _aProblems and perspectives of modern geophysical technologies applications for improving the efficiency of solving the problems of geological prospecting and mineral fields' development
606 0 _aГеологические разведки
_jСъезды, совещания и т.п.
_xГеофизические методы
_91085563
_3RU\NLR\auth\66106021
610 0 _aГеофизика
675 _a550.832(082)
_v3
_zrus
686 _a38.57
_2rugasnti
686 _a26.34
_2rubbk
686 _aД443.4я431(0)
702 1 _4340
_8rus
_7ca
_aАнтонов
_bК. В.
_cканд. техн. наук, нефтедобыча
_f1946-
_gКонстантин Васильевич
_3RU\NLR\auth\7729374
_912403
712 0 1 _4570
_aРеспублика Башкортостан
_bУправление по геологии и использованию недр
_3RU\NLR\AUTH\8810027843
_9554173
801 0 _aRU
_bRKP
_c20021218
_gPSBO
801 1 _aRU
_bRKP
_c20021218
801 2 _aRU
_bNLR
_c20051018
_grcr
942 _cBOOK
980 _aNB
980 _aNBR